[Event "GRE-chT 47th"]
[Site "Patras"]
[Date "2019.07.03"]
[Round "3.5"]
[White "Papadopoulos, Panayotis"]
[Black "Pantazopoulos, Stavros"]
[Result "1-0"]
[WhiteElo "2165"]
[BlackElo "2159"]
[PlyCount "79"]
[EventDate "2019.07.02"]
[EventType "team-swiss"]
[EventRounds "7"]
[EventCountry "GRE"]
[SourceTitle "CBM 191 Extra"]
[Source "ChessBase"]
[SourceDate "2019.09.30"]
[SourceVersion "1"]
[SourceVersionDate "2019.09.30"]
[SourceQuality "1"]
[WhiteTeam "Amo Galaxias"]
[BlackTeam "Panionios GA"]
[WhiteTeamCountry "GRE"]
[BlackTeamCountry "GRE"]

1. d4 d5 2. Nf3 Nf6 3. Bf4 e6 4. e3 c5 5. c3 Nc6 6. Nbd2 Bd6 7. Bg3 0-0 8. Bd3 b6 9. Ne5 Bb7 10. 0-0 Qc7 11. f4 Ne7 12. Qf3 Nf5 13. Bf2 Be7 14. Rae1 Nd6 15. Qh3 Nfe4 16. Nxe4 Nxe4 17. Bh4 Bxh4 18. Qxh4 f6 19. Ng4 f5 20. Ne5 Rf6 21. Bxe4 dxe4 22. h3 Rh6 23. Qg3 Rd8 24. Kh2 a5 25. Qf2 b5 26. Rc1 Rf6 27. Rfd1 c4 28. g4 Rh6 29. g5 Rh5 30. Qe2 g6 31. Kg2 Kg7 32. a4 Bd5 33. axb5 Rb8 34. b3 cxb3 35. c4 Ba8 36. Qb2 h6 37. d5 Kh7 38. dxe6 Rd8 39. Nf7 Rf8 40. Rd7 1-0

[Event "Nikaia op 19th"]
[Site "Nikaia"]
[Date "2011.08.31"]
[Round "7"]
[White "Azis Azizis, Ektoras"]
[Black "Pantazopoulos, Stavros"]
[Result "1-0"]
[WhiteElo "2246"]
[BlackElo "2109"]
[PlyCount "65"]
[EventDate "2011.08.26"]
[EventType "swiss"]
[EventRounds "9"]
[EventCountry "GRE"]
[SourceTitle "CBM 144 Extra"]
[Source "ChessBase"]
[SourceDate "2011.10.28"]
[SourceVersion "1"]
[SourceVersionDate "2011.10.28"]
[SourceQuality "1"]

1. d4 d5 2. Nf3 Nf6 3. c3 c6 4. Qb3 Qb6 5. Bf4 Bf5 6. Nh4 Be6 7. h3 h6 8. Bh2 g5 9. Nf3 Bf5 10. Nbd2 e6 11. e3 Nbd7 12. Ne5 Ne4 13. f3 Nxd2 14. Kxd2 Qxb3 15. axb3 Nxe5 16. Bxe5 Rg8 17. b4 Be7 18. b5 f6 19. Bh2 cxb5 20. Bxb5+ Kf7 21. Rhe1 a6 22. Ba4 Rgd8 23. e4 dxe4 24. fxe4 Bh7 25. Bb3 Bg8 26. Rf1 Kg7 27. Ke3 Rd7 28. g4 Rad8 29. e5 Bf7 30. Rf2 fxe5 31. Bxe5+ Kg8 32. Raf1 Bd6 33. Bxd6 1-0

[Event "Nikaia op 19th"]
[Site "Nikaia"]
[Date "2011.08.29"]
[Round "5"]
[White "Raptakis, Solon"]
[Black "Pantazopoulos, Stavros"]
[Result "0-1"]
[WhiteElo "1993"]
[BlackElo "2109"]
[PlyCount "146"]
[EventDate "2011.08.26"]
[EventType "swiss"]
[EventRounds "9"]
[EventCountry "GRE"]
[SourceTitle "CBM 144 Extra"]
[Source "ChessBase"]
[SourceDate "2011.10.28"]
[SourceVersion "1"]
[SourceVersionDate "2011.10.28"]
[SourceQuality "1"]

1. Nf3 d5 2. d4 Nf6 3. g3 e6 4. Bg2 c5 5. c4 dxc4 6. Qa4+ Nc6 7. dxc5 Bxc5 8. 0-0 0-0 9. Qxc4 Qd5 10. Qh4 Qe4 11. Nc3 Qxh4 12. Nxh4 Bd7 13. Rd1 Rfd8 14. Bf4 h6 15. Bd6 Bxd6 16. Rxd6 Be8 17. Rad1 Rxd6 18. Rxd6 Kf8 19. Kf1 Ke7 20. Rd2 Rc8 21. e3 Bd7 22. Ne4 Nxe4 23. Bxe4 b6 24. Nf3 Na5 25. Ke2 Rc1 26. Rd1 Bb5+ 27. Ke1 Rc7 28. Nd4 Bd7 29. b3 Nb7 30. Kd2 Nc5 31. Bf3 e5 32. Nc2 e4 33. Be2 f5 34. h4 Ne6 35. Nb4 Rc5 36. Rc1 Ra5 37. Kc3 Re5 38. Kb2 Nc5 39. Rd1 Ke8 40. Kc3 Ne6 41. Rd5 Rxd5 42. Nxd5 Bc8 43. Bc4 Kd7 44. Nb4 Nc7 45. Kd4 Kd6 46. Be2 Ne6+ 47. Kc3 g5 48. hxg5 hxg5 49. Nc2 Bd7 50. Nd4 Nc7 51. Kb4 Nd5+ 52. Ka3 Kc5 53. Kb2 f4 54. gxf4 gxf4 55. Bc4 Nf6 56. Ne6+ Bxe6 57. Bxe6 Kd6 58. Bf7 Ke5 59. Kc3 Ng4 60. exf4+ Kxf4 61. Bd5 Nxf2 62. a4 e3 63. Bc4 Ke4 64. Be2 Nh1 65. Kc4 Ng3 66. Bd3+ Ke5 67. Kb5 Ne4 68. a5 Nc5 69. axb6 axb6 70. Be2 Nd7 71. Kc6 Ke6 72. Bg4+ Ke7 73. b4 Ne5+ 0-1

[Event "Nikaia op 19th"]
[Site "Nikaia"]
[Date "2011.08.28"]
[Round "4"]
[White "Pantazopoulos, Stavros"]
[Black "Katov, Luboslav"]
[Result "0-1"]
[WhiteElo "2109"]
[BlackElo "2271"]
[PlyCount "60"]
[EventDate "2011.08.26"]
[EventType "swiss"]
[EventRounds "9"]
[EventCountry "GRE"]
[SourceTitle "CBM 144 Extra"]
[Source "ChessBase"]
[SourceDate "2011.10.28"]
[SourceVersion "1"]
[SourceVersionDate "2011.10.28"]
[SourceQuality "1"]

1. d4 e6 2. c4 Bb4+ 3. Nc3 Nf6 4. Qc2 0-0 5. a3 Bxc3+ 6. Qxc3 d6 7. g3 e5 8. Nf3 e4 9. Nd2 Re8 10. Bg2 Bg4 11. Nf1 Qd7 12. h3 Bf3 13. Ne3 Bxg2 14. Nxg2 Nc6 15. Bg5 Qf5 16. Bxf6 Qxf6 17. 0-0-0 Rab8 18. Nf4 Ne7 19. f3 exf3 20. exf3 Nf5 21. Nh5 Qg5+ 22. Qd2 Qxh5 23. g4 Qg6 24. gxf5 Qxf5 25. h4 Re6 26. Rhg1 g6 27. h5 Rbe8 28. Rg5 Qxf3 29. Kb1 Qxd1+ 30. Qxd1 Re1 0-1

[Event "Nikaia Fysiolatriko op 09th"]
[Site "Nikaia"]
[Date "2011.06.20"]
[Round "6"]
[White "Logothetis, Sotirios"]
[Black "Pantazopoulos, Stavros"]
[Result "1/2-1/2"]
[WhiteElo "2237"]
[BlackElo "2128"]
[PlyCount "59"]
[EventDate "2011.06.16"]
[EventType "swiss"]
[EventRounds "9"]
[EventCountry "GRE"]
[SourceTitle "CBM 143 Extra"]
[Source "ChessBase"]
[SourceDate "2011.08.29"]
[SourceVersion "1"]
[SourceVersionDate "2011.08.29"]
[SourceQuality "1"]

1. e4 c6 2. d4 d5 3. exd5 cxd5 4. c4 Nf6 5. Nc3 e6 6. Nf3 Bb4 7. Bd3 0-0 8. 0-0 dxc4 9. Bxc4 b6 10. Bg5 Bxc3 11. bxc3 Bb7 12. Ne5 Nbd7 13. Qe2 Qc7 14. Nxd7 Nxd7 15. Rac1 h6 16. Bh4 Qf4 17. Bg3 Qe4 18. f3 Qxe2 19. Bxe2 Rac8 20. c4 Rfd8 21. Rfd1 Ba6 22. Bf1 Nf6 23. Be5 Rc6 24. Bxf6 gxf6 25. Rc3 e5 26. d5 Rc5 27. Ra3 Bxc4 28. Bxc4 Rxc4 29. Rxa7 Rd6 30. Ra6 1/2-1/2

[Event "Athens Glyfada op"]
[Site "Athens"]
[Date "2006.12.26"]
[Round "3"]
[White "Pantazopoulos, Stavros"]
[Black "Malikentzos, Sotirios"]
[Result "1/2-1/2"]
[WhiteElo "2116"]
[BlackElo "1906"]
[PlyCount "78"]
[EventDate "2006.12.22"]
[EventType "swiss"]
[EventRounds "7"]
[EventCountry "GRE"]
[SourceTitle "EXT 2024"]
[Source "ChessBase"]
[SourceDate "2023.10.10"]
[SourceVersion "1"]
[SourceVersionDate "2023.10.10"]
[SourceQuality "1"]

1. e4 d6 2. d4 g6 3. c4 Bg7 4. Nc3 Nc6 5. Be3 e5 6. d5 Nce7 7. Nge2 f5 8. f3 Nf6 9. Qd2 f4 10. Bf2 c6 11. dxc6 bxc6 12. Rd1 Be6 13. Nc1 d5 14. cxd5 cxd5 15. Bb5+ Kf7 16. Nd3 Qb8 17. exd5 Nfxd5 18. Ne4 h6 19. 0-0 Rd8 20. Bc4 Nc7 21. Qc3 Ned5 22. Qa3 Nb6 23. Bxe6+ Nxe6 24. Ndc5 Nxc5 25. Bxc5 Kg8 26. Qb3+ Kh8 27. Qf7 Rxd1 28. Rxd1 Qe8 29. Qb3 Qa4 30. Qd3 Qc6 31. Be7 Re8 32. Nf6 e4 33. Qd4 Nc8 34. Qd8 Rxd8 35. Rxd8+ Bf8 36. Rxf8+ Kg7 37. Ne8+ Kh7 38. Nf6+ Kg7 39. Ne8+ Kh7 1/2-1/2

[Event "GRE-ch U20"]
[Site "Athens"]
[Date "2006.01.03"]
[Round "1.4"]
[White "Pantazopoulos, Stavros"]
[Black "Nikoleris, Evangelos"]
[Result "1-0"]
[WhiteElo "2133"]
[BlackElo "1876"]
[PlyCount "135"]
[EventDate "2006.01.03"]
[EventType "swiss"]
[EventRounds "9"]
[EventCountry "GRE"]
[SourceTitle "EXT 2024"]
[Source "ChessBase"]
[SourceDate "2023.10.10"]
[SourceVersion "1"]
[SourceVersionDate "2023.10.10"]
[SourceQuality "1"]

1. d4 d5 2. c4 e6 3. Nc3 Nf6 4. cxd5 exd5 5. Bg5 c6 6. Qc2 Be7 7. e3 0-0 8. Bd3 Nbd7 9. Nf3 Re8 10. 0-0 Nf8 11. Rab1 a5 12. a3 Bg4 13. Ne5 Bh5 14. b4 axb4 15. axb4 Ng4 16. Bxe7 Qxe7 17. Nxg4 Bxg4 18. b5 Qg5 19. f4 Qf6 20. Rfe1 Ra3 21. Rbc1 Rea8 22. bxc6 bxc6 23. Kh1 Bd7 24. Rb1 R8a7 25. Rec1 g6 26. Rb6 Qd8 27. Qb2 Ra1 28. Rb1 Rxb1+ 29. Nxb1 Qh4 30. g3 Qe7 31. Qd2 Ra1 32. Rb8 Kg7 33. Kg2 Qe6 34. Kg1 Qe7 35. Kf2 h5 36. Qb2 Ra7 37. Qc2 h4 38. Nd2 hxg3+ 39. hxg3 Nh7 40. Nf3 Nf6 41. Ne5 Ng4+ 42. Nxg4 Bxg4 43. Rb6 Ra3 44. Rxc6 Qa7 45. Qd2 Ra1 46. Rc1 Rxc1 47. Qxc1 Qa2+ 48. Qc2 Qa1 49. Bf1 Bf5 50. Qd2 Qb1 51. Bg2 Be4 52. g4 Bxg2 53. Kxg2 Qe4+ 54. Kg3 Kg8 55. Qf2 Qb1 56. f5 gxf5 57. gxf5 f6 58. Qf3 Qg1+ 59. Kh3 Kf8 60. Qg3 Qf1+ 61. Kg4 Qe2+ 62. Qf3 Qc4 63. Qf4 Qe2+ 64. Qf3 Qc4 65. Kh5 Qa2 66. Kg6 Ke7 67. Qg3 Qa7 68. Qh2 1-0

[Event "GRE-ch U20"]
[Site "Athens"]
[Date "2005.01.07"]
[Round "6"]
[White "Pantazopoulos, Stavros"]
[Black "Sandalakis, Angelos"]
[Result "0-1"]
[WhiteElo "2070"]
[BlackElo "2175"]
[PlyCount "40"]
[EventDate "2005.01.03"]
[EventType "swiss"]
[EventRounds "7"]
[EventCountry "GRE"]
[SourceTitle "EXT 2007"]
[Source "ChessBase"]
[SourceDate "2006.11.23"]
[SourceVersion "1"]
[SourceVersionDate "2006.11.23"]
[SourceQuality "1"]

1. d4 Nf6 2. c4 e6 3. Bg5 c5 4. d5 exd5 5. cxd5 h6 6. Bf4 d6 7. Nc3 g5 8. Bd2 Bg7 9. e4 0-0 10. Nge2 b5 11. Ng3 b4 12. Nce2 Nbd7 13. Qc2 Re8 14. h3 Nb6 15. a3 b3 16. Qb1 Qe7 17. f3 Nc4 18. Bc1 Qe5 19. Bd2 Nxd5 20. exd5 Qxg3+ 0-1

[Event "GRE-ch U20"]
[Site "Athens"]
[Date "2005.01.03"]
[Round "1"]
[White "Pantazopoulos, Stavros"]
[Black "Kotrotsos, Vasilios"]
[Result "0-1"]
[WhiteElo "2070"]
[BlackElo "2310"]
[PlyCount "74"]
[EventDate "2005.01.03"]
[EventType "swiss"]
[EventRounds "7"]
[EventCountry "GRE"]
[SourceTitle "EXT 2007"]
[Source "ChessBase"]
[SourceDate "2006.11.23"]
[SourceVersion "1"]
[SourceVersionDate "2006.11.23"]
[SourceQuality "1"]

1. d4 Nf6 2. c4 Nc6 3. Nc3 e5 4. d5 Ne7 5. e4 Ng6 6. h4 h5 7. Bg5 Be7 8. Bxf6 Bxf6 9. g3 Nf8 10. Be2 g6 11. Qa4 Nh7 12. Rd1 0-0 13. d6 c6 14. c5 b6 15. b4 Re8 16. b5 Bb7 17. g4 hxg4 18. h5 Ng5 19. hxg6 fxg6 20. Bxg4 Kg7 21. f3 Ne6 22. Bxe6 Bh4+ 23. Ke2 Rxe6 24. Nd5 cxb5 25. Qxb5 Bc6 26. Qc4 Qg5 27. Rxh4 Qxh4 28. Nc7 Rf6 29. Nxa8 Qh2+ 30. Ke3 Qf4+ 31. Kd3 Bxa8 32. cxb6 Rxd6+ 33. Kc2 Rc6 34. Rxd7+ Kh6 35. Qxc6 Bxc6 36. b7 Bxb7 37. Rxb7 Qh2+ 0-1

[Event "Kallithea op"]
[Site "Kallithea"]
[Date "2004.09.10"]
[Round "2"]
[White "Pantazopoulos, Stavros"]
[Black "Tsanas, Athanasios"]
[Result "0-1"]
[WhiteElo "2025"]
[BlackElo "2283"]
[PlyCount "128"]
[EventDate "2004.09.09"]
[EventType "swiss"]
[EventRounds "9"]
[EventCountry "GRE"]
[SourceTitle "EXT 2006"]
[Source "ChessBase"]
[SourceDate "2005.11.24"]
[SourceVersion "1"]
[SourceVersionDate "2005.11.24"]
[SourceQuality "1"]

1. d4 Nf6 2. c4 g6 3. Nc3 Bg7 4. e4 d6 5. f4 0-0 6. Nf3 Na6 7. e5 Nd7 8. h4 c5 9. d5 dxe5 10. h5 exf4 11. Bxf4 Nf6 12. hxg6 fxg6 13. Qd2 Nb4 14. Bh6 Bxh6 15. Qxh6 Nc2+ 16. Kd1 Nxa1 17. Bd3 Bf5 18. Bxf5 gxf5 19. Ng5 Rf7 20. Nxf7 Kxf7 21. Qe3 Qg8 22. Re1 Qg4+ 23. Kc1 Ne4 24. Qh6 Qg5+ 25. Qxg5 Nxg5 26. Kb1 Ne4 27. Nxe4 fxe4 28. Rf1+ Kg7 29. Kxa1 Rf8 30. Re1 Rf4 31. b3 Kf6 32. g3 Rg4 33. Rf1+ Ke5 34. Rf7 Kd6 35. Kb2 Rxg3 36. Rxh7 Rg2+ 37. Kc1 e3 38. Rh6+ Kd7 39. Re6 Rxa2 40. Rxe3 Rh2 41. Re6 Rf2 42. Re4 a6 43. Re6 Rf6 44. Re4 e6 45. dxe6+ Rxe6 46. Rg4 Kc6 47. Rg8 Kb6 48. Rg5 Ka5 49. Rxc5+ Kb4 50. Rc7 Kc3 51. Kb1 Rb6 52. Ka2 Rxb3 53. c5 Rb4 54. c6 b5 55. Ra7 Rb2+ 56. Ka1 Kb3 57. Rg7 Rc2 58. Rg3+ Ka4 59. Rg6 b4 60. Kb1 Rc3 61. c7 a5 62. Rg7 Kb3 63. Rf7 a4 64. Re7 a3 0-1